01555nam a22001817a 450000500170000000800410001702000150005804000070007304100120008008200200009210000130011224500660012526000330019130000280022452110760025265000300132870000150135820220509164409.0220427b ||||| |||| 00| 0 eng d a0903141620 cAL aEnglish 223a808.8bJACG aIan Jack aGranta 83 The Magazine of New Writing :This Overheating World aLondonbRea S Hedermanc2003 a256 p.bPBc21x14.5 cm. aNot so much the state we're in as the mess we're getting into. The world we were born into has gone. We shall never completely recapture its climate, its seasons, the way its plants grew and its animals lived. This is not a wild-eyed prediction, a man on the street with a placard. Respectable science knows it and says it. Nine of the world's ten warmest years since records were kept have occurred in the past fourteen years. Every month, an English garden moves south, climatically, by a distance of one hundred yards. Who is responsible? We are our habits. Can we prevent it? Too late. Can we moderate it, slow it, reverse it? Yes- if we try. This issue of "Granta" contains reports from the frontiers of environment change. Contributors include: Marion Botsford-Fraser; James Hamilton-Paterson; Matthew Hart; Thomas Keneally; Philip Marsden; Bill McKibben; Wayne McLennan; Christopher de Bellaigue; James Meek; and Nuha al-Radi in Iraq. There is new fiction from Maarten 't Hart and Jon McGregor, and a picture essay by Edward Burtynsky on our industrial landscapes. aLiterature -- Collections aJACK (Ian)